[Event "Rapid 2018"]
[Site "Saint-Petersburg"]
[Date "2018.12.28"]
[Round "12"]
[Board "23"]
[White "Inarkiev Ernesto (RUS)"]
[Black "Mamedov Rauf (AZE)"]
[Result "0-1"]
[LiveChessVersion "1.4.8"]
[BlackElo "2739"]
[WhiteElo "2624"]

1. c4 {[%clk 0:15:19]} c5 {[%clk 0:15:19]} 2. Nf3 {[%clk 0:15:26]} Nc6
{[%clk 0:15:28]} 3. d4 {[%clk 0:15:32]} cxd4 {[%clk 0:15:36]} 4. Nxd4
{[%clk 0:15:41]} g6 {[%clk 0:15:45]} 5. e4 {[%clk 0:15:25]} Bg7 {[%clk 0:15:54]}
6. Nc2 {[%clk 0:15:35]} Nf6 {[%clk 0:16:00]} 7. Nc3 {[%clk 0:15:43]} d6
{[%clk 0:16:09]} 8. Be2 {[%clk 0:15:45]} O-O {[%clk 0:16:17]} 9. O-O
{[%clk 0:15:52]} Nd7 {[%clk 0:16:24]} 10. Bd2 {[%clk 0:14:48]} a5
{[%clk 0:16:33]} 11. Re1 {[%clk 0:14:40]} Nc5 12. Bf1 Ne5 {[%clk 0:16:43]} 13.
Be3 {[%clk 0:11:57]} Be6 {[%clk 0:15:24]} 14. Bd4 {[%clk 0:11:21]} a4
{[%clk 0:13:24]} 15. Ne3 {[%clk 0:11:15]} Bd7 {[%clk 0:12:17]} 16. Qd2
{[%clk 0:11:02]} Ne6 {[%clk 0:12:19]} 17. Ne2 {[%clk 0:10:22]} Nxd4
{[%clk 0:10:15]} 18. Nxd4 {[%clk 0:10:31]} Nc6 {[%clk 0:09:59]} 19. Nb5
{[%clk 0:10:40]} Qa5 {[%clk 0:09:57]} 20. Rad1 {[%clk 0:10:18]} Rfd8
{[%clk 0:07:48]} 21. Nd5 {[%clk 0:10:06]} Bg4 {[%clk 0:06:56]} 22. Qxa5
{[%clk 0:07:37]} Rxa5 {[%clk 0:07:05]} 23. Rd2 {[%clk 0:07:46]} Kf8
{[%clk 0:07:11]} 24. f4 {[%clk 0:07:42]} Bd7 {[%clk 0:06:34]} 25. Red1
{[%clk 0:06:11]} Bg4 {[%clk 0:04:00]} 26. Re1 {[%clk 0:05:57]} Be6
{[%clk 0:03:45]} 27. Be2 {[%clk 0:05:37]} Na7 {[%clk 0:03:19]} 28. Nd4
{[%clk 0:05:33]} Bd7 {[%clk 0:03:17]} 29. Red1 {[%clk 0:04:12]} Be8
{[%clk 0:01:49]} 30. Nb6 {[%clk 0:03:47]} Nc8 {[%clk 0:01:40]} 31. Nd5
{[%clk 0:03:46]} e6 {[%clk 0:01:21]} 32. Nc3 {[%clk 0:03:46]} Bh6
{[%clk 0:01:28]} 33. b4 {[%clk 0:03:18]} axb3 {[%clk 0:01:35]} 34. Nxb3
{[%clk 0:03:28]} Ra8 {[%clk 0:01:36]} 35. g3 {[%clk 0:03:35]} e5 {[%clk 0:01:03]}
36. Nd5 {[%clk 0:03:31]} exf4 {[%clk 0:01:11]} 37. Nxf4 {[%clk 0:03:34]} Bg7
{[%clk 0:00:56]} 38. c5 {[%clk 0:03:35]} Be5 {[%clk 0:01:01]} 39. Nd3
{[%clk 0:03:23]} Bc3 {[%clk 0:01:10]} 40. Rc2 {[%clk 0:03:32]} Bg7
{[%clk 0:00:59]} 41. Nf4 {[%clk 0:03:26]} Bc6 {[%clk 0:01:04]} 42. Bf3
{[%clk 0:03:33]} Be5 {[%clk 0:01:01]} 43. Nd3 {[%clk 0:02:30]} Bf6
{[%clk 0:01:08]} 44. Nb4 {[%clk 0:02:39]} Ba4 {[%clk 0:00:23]} 45. e5
{[%clk 0:02:06]} dxc5 {[%clk 0:00:30]} 46. exf6 {[%clk 0:00:55]} Rxd1+
{[%clk 0:00:37]} 47. Bxd1 {[%clk 0:01:04]} cxb4 {[%clk 0:00:36]} 48. Rc7
{[%clk 0:00:52]} Nd6 {[%clk 0:00:41]} 49. Bf3 {[%clk 0:01:01]} Be8
{[%clk 0:00:31]} 50. Nc5 {[%clk 0:00:53]} Rxa2 {[%clk 0:00:27]} 51. Nxb7
{[%clk 0:00:39]} Ra7 {[%clk 0:00:33]} 52. Kf2 {[%clk 0:00:21]} b3
{[%clk 0:00:36]} 53. Re7 {[%clk 0:00:26]} Nxb7 {[%clk 0:00:39]} 54. Rxb7
{[%clk 0:00:27]} Rxb7 {[%clk 0:00:48]} 55. Bxb7 {[%clk 0:00:37]} b2
{[%clk 0:00:57]} 56. Be4 {[%clk 0:00:45]} Bd7 {[%clk 0:01:06]} 0-1

[Event "Rapid 2018"]
[Site "Saint-Petersburg"]
[Date "2018.12.28"]
[Round "12"]
[Board "25"]
[White "Rakhmanov Aleksandr (RUS)"]
[Black "Akopian Vladimir (ARM)"]
[Result "1-0"]
[LiveChessVersion "1.4.8"]
[BlackElo "2707"]
[WhiteElo "2613"]

1. c4 {[%clk 0:15:17]} e5 {[%clk 0:14:48]} 2. Nf3 {[%clk 0:15:25]} Nc6
{[%clk 0:14:47]} 3. d4 {[%clk 0:15:32]} e4 {[%clk 0:14:03]} 4. Nfd2
{[%clk 0:15:38]} f5 {[%clk 0:13:46]} 5. e3 {[%clk 0:15:46]} Nf6 {[%clk 0:13:54]}
6. Nc3 {[%clk 0:15:54]} Bb4 {[%clk 0:13:36]} 7. Qb3 {[%clk 0:15:43]} a5
{[%clk 0:13:08]} 8. a3 {[%clk 0:14:54]} Bxc3 {[%clk 0:12:06]} 9. Qxc3
{[%clk 0:14:19]} d5 {[%clk 0:11:04]} 10. Be2 {[%clk 0:14:03]} O-O
{[%clk 0:10:23]} 11. O-O {[%clk 0:14:10]} Be6 {[%clk 0:09:34]} 12. b4
{[%clk 0:13:13]} axb4 {[%clk 0:09:29]} 13. axb4 {[%clk 0:13:22]} Rxa1
{[%clk 0:09:09]} 14. Qxa1 {[%clk 0:13:30]} Nxb4 {[%clk 0:08:52]} 15. Qb1
{[%clk 0:12:46]} Nd3 {[%clk 0:07:31]} 16. Ba3 {[%clk 0:11:24]} Re8
{[%clk 0:07:25]} 17. Bxd3 {[%clk 0:05:33]} exd3 {[%clk 0:07:33]} 18. c5
{[%clk 0:05:40]} f4 {[%clk 0:05:01]} 19. Qxd3 {[%clk 0:05:40]} fxe3
{[%clk 0:05:07]} 20. Qxe3 {[%clk 0:05:40]} Bg4 {[%clk 0:04:45]} 21. Qb3
{[%clk 0:03:23]} Re2 {[%clk 0:04:34]} 22. Bc1 {[%clk 0:03:14]} Qc8
{[%clk 0:04:07]} 23. Nb1 {[%clk 0:02:49]} Re8 {[%clk 0:03:54]} 24. Nc3
{[%clk 0:02:07]} Be2 {[%clk 0:01:02]} 25. Nxd5 {[%clk 0:01:06]} Nxd5
{[%clk 0:00:38]} 26. Qxd5+ {[%clk 0:01:13]} Kh8 {[%clk 0:00:13]} 27. Re1
{[%clk 0:01:21]} Bb5 {[%clk 0:00:20]} 28. Be3 {[%clk 0:00:44]} Bc6 29. Qh5 1-0

[Event "Rapid 2018"]
[Site "Saint-Petersburg"]
[Date "2018.12.28"]
[Round "12"]
[Board "26"]
[White "Motylev Alexander (RUS)"]
[Black "Tari Aryan (NOR)"]
[Result "1-0"]
[LiveChessVersion "1.4.8"]
[BlackElo "2554"]
[WhiteElo "2697"]

1. e4 {[%clk 0:15:18]} c6 {[%clk 0:15:18]} 2. d4 {[%clk 0:15:24]} d5
{[%clk 0:15:27]} 3. e5 {[%clk 0:15:32]} Bf5 {[%clk 0:15:34]} 4. Nf3
{[%clk 0:15:40]} e6 {[%clk 0:15:42]} 5. c3 {[%clk 0:15:48]} Ne7 {[%clk 0:15:33]}
6. Nbd2 {[%clk 0:15:42]} Nd7 {[%clk 0:15:19]} 7. Nh4 {[%clk 0:15:40]} c5
{[%clk 0:14:38]} 8. Be2 {[%clk 0:15:22]} Bg6 {[%clk 0:14:11]} 9. O-O
{[%clk 0:15:15]} Nf5 {[%clk 0:13:10]} 10. Nxg6 {[%clk 0:15:20]} hxg6
{[%clk 0:13:19]} 11. Nf3 {[%clk 0:15:28]} Be7 {[%clk 0:13:23]} 12. g3
{[%clk 0:14:48]} g5 {[%clk 0:12:47]} 13. Kg2 {[%clk 0:14:53]} cxd4
{[%clk 0:11:01]} 14. cxd4 {[%clk 0:14:58]} Nb8 {[%clk 0:10:51]} 15. h3
{[%clk 0:13:08]} Nc6 {[%clk 0:10:53]} 16. Qa4 {[%clk 0:12:39]} Qb6
{[%clk 0:09:38]} 17. Rd1 {[%clk 0:12:28]} f6 {[%clk 0:09:23]} 18. Bd3
{[%clk 0:11:10]} Kf7 {[%clk 0:09:11]} 19. Bxf5 {[%clk 0:06:27]} exf5
{[%clk 0:09:19]} 20. Qc2 {[%clk 0:06:17]} g4 {[%clk 0:07:44]} 21. hxg4
{[%clk 0:06:22]} fxg4 {[%clk 0:07:52]} 22. Nh4 {[%clk 0:06:31]} Rxh4
{[%clk 0:06:22]} 23. gxh4 {[%clk 0:06:39]} Nxd4 {[%clk 0:06:30]} 24. e6+
{[%clk 0:05:36]} Nxe6 {[%clk 0:05:44]} 25. Rxd5 {[%clk 0:05:43]} Rd8
{[%clk 0:04:58]} 26. Qc4 {[%clk 0:04:55]} Rxd5 {[%clk 0:02:26]} 27. Qxd5
{[%clk 0:05:03]} g6 {[%clk 0:02:27]} 1-0

[Event "Rapid 2018"]
[Site "Saint-Petersburg"]
[Date "2018.12.28"]
[Round "12"]
[Board "27"]
[White "Shirov Alexei (ESP)"]
[Black "Demidov Mikhail (RUS)"]
[Result "1-0"]
[LiveChessVersion "1.4.8"]
[BlackElo "2595"]
[WhiteElo "2674"]

1. e4 {[%clk 0:15:19]} Nf6 {[%clk 0:15:19]} 2. e5 {[%clk 0:15:27]} Nd5
{[%clk 0:15:27]} 3. d4 {[%clk 0:15:36]} d6 {[%clk 0:15:36]} 4. c4
{[%clk 0:15:44]} Nb6 {[%clk 0:15:45]} 5. exd6 {[%clk 0:15:52]} exd6
{[%clk 0:15:53]} 6. Nc3 {[%clk 0:14:59]} Be7 {[%clk 0:16:01]} 7. Bd3
{[%clk 0:15:07]} O-O {[%clk 0:16:07]} 8. Nge2 {[%clk 0:15:09]} Bg5
{[%clk 0:16:13]} 9. O-O {[%clk 0:14:24]} Nc6 {[%clk 0:15:44]} 10. Be4
{[%clk 0:12:55]} Re8 {[%clk 0:12:42]} 11. Qd3 {[%clk 0:13:00]} Nb4
{[%clk 0:10:02]} 12. Qd1 {[%clk 0:09:40]} d5 {[%clk 0:08:57]} 13. cxd5
{[%clk 0:09:19]} N4xd5 {[%clk 0:09:03]} 14. Qd3 {[%clk 0:09:23]} h6
{[%clk 0:08:29]} 15. Bxg5 {[%clk 0:06:21]} Qxg5 {[%clk 0:08:32]} 16. f4
{[%clk 0:06:27]} Qd8 {[%clk 0:08:31]} 17. f5 {[%clk 0:06:35]} Nf6
{[%clk 0:07:59]} 18. Bf3 {[%clk 0:06:41]} Qe7 {[%clk 0:06:44]} 19. Rfe1
{[%clk 0:03:40]} Qe3+ {[%clk 0:06:20]} 20. Qxe3 {[%clk 0:03:48]} Rxe3
{[%clk 0:06:29]} 21. Kf2 {[%clk 0:03:56]} Rd3 {[%clk 0:05:24]} 22. Rad1
{[%clk 0:02:47]} Rxd1 {[%clk 0:04:21]} 23. Rxd1 {[%clk 0:02:50]} Bxf5
{[%clk 0:04:22]} 24. Bxb7 {[%clk 0:02:59]} Ng4+ {[%clk 0:04:23]} 25. Kg3
{[%clk 0:03:05]} Rb8 {[%clk 0:04:16]} 26. Bf3 {[%clk 0:02:46]} Ne3
{[%clk 0:04:18]} 27. Rc1 {[%clk 0:02:54]} Bd7 {[%clk 0:03:36]} 28. Ne4
{[%clk 0:02:08]} Nbd5 {[%clk 0:03:23]} 29. Nc5 {[%clk 0:02:11]} Bf5
{[%clk 0:01:43]} 30. Nc3 {[%clk 0:02:06]} c6 {[%clk 0:01:21]} 31. Nxd5
{[%clk 0:02:01]} Nxd5 {[%clk 0:01:24]} 32. b3 {[%clk 0:02:05]} Rb4
{[%clk 0:00:42]} 33. Bxd5 {[%clk 0:00:41]} cxd5 {[%clk 0:00:50]} 34. Kf4
{[%clk 0:00:50]} Be4 {[%clk 0:00:37]} 35. a3 {[%clk 0:00:59]} Rxd4
{[%clk 0:00:44]} 36. Ke3 {[%clk 0:01:08]} 1-0

[Event "Rapid 2018"]
[Site "Saint-Petersburg"]
[Date "2018.12.28"]
[Round "12"]
[Board "28"]
[White "Khanin Semen (RUS)"]
[Black "Savchenko Boris (RUS)"]
[Result "1/2-1/2"]
[LiveChessVersion "1.4.8"]
[BlackElo "2660"]
[WhiteElo "2594"]

1. e4 {[%clk 0:15:19]} e6 {[%clk 0:15:17]} 2. d4 {[%clk 0:15:27]} d5
{[%clk 0:15:26]} 3. Nc3 {[%clk 0:15:35]} Bb4 {[%clk 0:15:33]} 4. e5
{[%clk 0:15:43]} c5 {[%clk 0:15:42]} 5. a3 {[%clk 0:15:51]} Bxc3+
{[%clk 0:15:47]} 6. bxc3 {[%clk 0:15:59]} Qa5 {[%clk 0:15:56]} 7. Bd2
{[%clk 0:16:02]} Qa4 {[%clk 0:16:01]} 8. Qg4 {[%clk 0:15:36]} Kf8
{[%clk 0:16:05]} 9. Qd1 {[%clk 0:15:44]} Ne7 {[%clk 0:15:25]} 10. Qb1
{[%clk 0:14:58]} c4 {[%clk 0:14:49]} 11. h4 {[%clk 0:14:01]} Nbc6
{[%clk 0:14:08]} 12. h5 {[%clk 0:13:33]} h6 {[%clk 0:14:10]} 13. Nf3
{[%clk 0:13:25]} Ke8 {[%clk 0:13:30]} 14. Rh4 {[%clk 0:12:38]} Bd7
{[%clk 0:13:08]} 15. Rg4 {[%clk 0:12:12]} Nf5 {[%clk 0:11:19]} 16. Nh4
{[%clk 0:12:13]} Nxh4 {[%clk 0:10:55]} 17. Rxh4 {[%clk 0:12:21]} Kd8
{[%clk 0:10:29]} 18. Rf4 {[%clk 0:11:13]} Be8 {[%clk 0:10:13]} 19. Rg4
{[%clk 0:11:07]} Rh7 {[%clk 0:10:17]} 20. Be3 {[%clk 0:10:10]} b5
{[%clk 0:09:36]} 21. Kd2 {[%clk 0:10:06]} Rb8 {[%clk 0:09:20]} 22. Be2
{[%clk 0:09:32]} Qa6 {[%clk 0:07:46]} 23. f4 {[%clk 0:08:19]} Qc8
{[%clk 0:06:48]} 24. Qa2 {[%clk 0:06:48]} a5 {[%clk 0:04:28]} 25. Rb1
{[%clk 0:06:56]} Kc7 {[%clk 0:04:31]} 26. Rh4 {[%clk 0:06:21]} Rb6
{[%clk 0:04:22]} 27. Rhh1 {[%clk 0:05:33]} Bd7 {[%clk 0:04:02]} 28. g4
{[%clk 0:05:38]} Rh8 {[%clk 0:03:56]} 29. Rhf1 {[%clk 0:05:12]} Rf8
{[%clk 0:01:49]} 30. Bf3 {[%clk 0:04:28]} f6 {[%clk 0:01:17]} 31. exf6
{[%clk 0:04:08]} Rxf6 {[%clk 0:01:26]} 32. f5 {[%clk 0:03:49]} Qg8
{[%clk 0:01:15]} 33. Bf4+ {[%clk 0:03:21]} Kb7 {[%clk 0:01:13]} 34. Rfe1
{[%clk 0:03:01]} exf5 {[%clk 0:00:59]} 35. g5 {[%clk 0:03:10]} hxg5
{[%clk 0:01:06]} 36. Bxg5 {[%clk 0:03:18]} Rf8 {[%clk 0:01:14]} 37. Be7
{[%clk 0:02:48]} Nxe7 {[%clk 0:00:58]} 38. Rxe7 {[%clk 0:02:56]} Kc7
{[%clk 0:01:02]} 39. Rg1 {[%clk 0:02:30]} g5 {[%clk 0:01:09]} 40. hxg6
{[%clk 0:01:39]} Kd8 {[%clk 0:01:16]} 41. Re5 {[%clk 0:01:25]} Qg7
{[%clk 0:01:06]} 42. Bxd5 {[%clk 0:00:57]} Qh6+ {[%clk 0:00:25]} 43. Kd1
{[%clk 0:01:03]} Rxg6 {[%clk 0:00:28]} 44. Rge1 {[%clk 0:00:48]} f4
{[%clk 0:00:29]} 45. a4 {[%clk 0:00:56]} Bg4+ {[%clk 0:00:26]} 46. Kc1
{[%clk 0:00:57]} f3+ {[%clk 0:00:34]} 47. Kb2 {[%clk 0:01:04]} Rb6
{[%clk 0:00:27]} 48. axb5 Rxb5+ {[%clk 0:00:36]} 49. Ka1 {[%clk 0:00:12]} f2
{[%clk 0:00:42]} 50. Rf1 {[%clk 0:00:20]} Bh3 {[%clk 0:00:17]} 51. Bxc4 Rxe5
{[%clk 0:00:18]} 52. dxe5 {[%clk 0:00:26]} Qb6 {[%clk 0:00:12]} 53. Rd1+
{[%clk 0:00:30]} Kc8 {[%clk 0:00:19]} 54. Rb1 {[%clk 0:00:23]} Qc5
{[%clk 0:00:12]} 55. Ba6+ {[%clk 0:00:20]} Kd8 {[%clk 0:00:16]} 56. Qb3
{[%clk 0:00:12]} f1=Q {[%clk 0:00:11]} 57. Bxf1 {[%clk 0:00:19]} Rxf1
{[%clk 0:00:19]} 58. Qb8+ {[%clk 0:00:18]} Ke7 {[%clk 0:00:21]} 59. Qd6+
{[%clk 0:00:17]} 1/2-1/2

[Event "Rapid 2018"]
[Site "Saint-Petersburg"]
[Date "2018.12.28"]
[Round "12"]
[Board "29"]
[White "Yuffa Daniil (RUS)"]
[Black "Grigoriants Sergey (RUS)"]
[Result "1/2-1/2"]
[LiveChessVersion "1.4.8"]
[BlackElo "2640"]
[WhiteElo "2573"]

1. d4 {[%clk 0:15:18]} Nf6 {[%clk 0:15:12]} 2. c4 {[%clk 0:15:27]} e6
{[%clk 0:15:17]} 3. g3 {[%clk 0:15:36]} c5 {[%clk 0:14:48]} 4. d5
{[%clk 0:15:45]} exd5 {[%clk 0:14:50]} 5. cxd5 {[%clk 0:15:53]} d6
{[%clk 0:14:59]} 6. Nc3 {[%clk 0:16:02]} g6 {[%clk 0:15:06]} 7. Bg2
{[%clk 0:16:08]} Bg7 {[%clk 0:15:15]} 8. Nf3 {[%clk 0:16:17]} O-O
{[%clk 0:15:23]} 9. O-O {[%clk 0:16:24]} Re8 {[%clk 0:15:09]} 10. Bf4
{[%clk 0:16:33]} Nh5 {[%clk 0:14:53]} 11. Bg5 {[%clk 0:16:41]} Qd7
{[%clk 0:15:02]} 12. Qb3 {[%clk 0:15:19]} b6 {[%clk 0:14:38]} 13. Rfe1
{[%clk 0:14:49]} h6 {[%clk 0:14:25]} 14. Bd2 {[%clk 0:13:37]} Na6
{[%clk 0:13:31]} 15. Rad1 {[%clk 0:10:46]} Bb7 {[%clk 0:08:24]} 16. e4
{[%clk 0:10:39]} Nb4 {[%clk 0:07:45]} 17. Bf1 {[%clk 0:09:47]} Ba6
{[%clk 0:07:41]} 18. Bxa6 {[%clk 0:07:47]} Nxa6 {[%clk 0:07:50]} 19. Nb5
{[%clk 0:07:05]} Nc7 {[%clk 0:03:13]} 20. Nxc7 {[%clk 0:07:13]} Qxc7
{[%clk 0:03:22]} 21. Bc3 {[%clk 0:07:22]} Qd7 {[%clk 0:02:36]} 22. Bxg7
{[%clk 0:07:00]} Nxg7 {[%clk 0:02:44]} 23. e5 {[%clk 0:06:45]} Re7
{[%clk 0:02:16]} 24. e6 {[%clk 0:05:18]} fxe6 {[%clk 0:01:55]} 25. dxe6
{[%clk 0:05:27]} Rxe6 {[%clk 0:02:03]} 26. Ne5 {[%clk 0:04:59]} Qe8
{[%clk 0:00:20]} 27. Rxd6 {[%clk 0:05:07]} Kh7 {[%clk 0:00:27]} 28. Rxe6
{[%clk 0:05:05]} Qxe6 {[%clk 0:00:36]} 29. Qxe6 {[%clk 0:05:03]} Nxe6
{[%clk 0:00:45]} 30. Nxg6 {[%clk 0:03:40]} Kxg6 {[%clk 0:00:42]} 31. Rxe6+
{[%clk 0:03:48]} Kf5 {[%clk 0:00:51]} 32. Rxh6 {[%clk 0:02:54]} Rd8
{[%clk 0:01:00]} 33. Rh7 {[%clk 0:02:29]} Rd2 {[%clk 0:01:07]} 34. Rxa7
{[%clk 0:02:20]} Rxb2 {[%clk 0:01:16]} 35. h4 {[%clk 0:02:07]} b5
{[%clk 0:01:08]} 36. Kg2 {[%clk 0:01:03]} c4 {[%clk 0:01:09]} 37. h5
{[%clk 0:00:25]} Kg5 {[%clk 0:01:04]} 38. g4 {[%clk 0:00:25]} c3 {[%clk 0:00:46]}
39. Kg3 {[%clk 0:00:20]} Rb4 {[%clk 0:00:35]} 40. f4+ {[%clk 0:00:19]} Kh6
{[%clk 0:00:44]} 41. Ra6+ {[%clk 0:00:18]} Kh7 {[%clk 0:00:50]} 42. Ra7+
{[%clk 0:00:25]} Kh8 {[%clk 0:00:43]} 43. Ra8+ {[%clk 0:00:27]} Kh7
{[%clk 0:00:52]} 44. Ra7+ {[%clk 0:00:24]} Kh8 {[%clk 0:01:01]} 45. Ra8+
{[%clk 0:00:16]} Kh7 {[%clk 0:00:51]} 46. Ra7+ {[%clk 0:00:18]} 1/2-1/2

[Event "Rapid 2018"]
[Site "Saint-Petersburg"]
[Date "2018.12.28"]
[Round "12"]
[Board "30"]
[White "Mchedlishvili Mikheil (GEO)"]
[Black "Moiseenko Vadim (RUS)"]
[Result "1-0"]
[LiveChessVersion "1.4.8"]
[BlackElo "2583"]
[WhiteElo "2637"]

1. d4 {[%clk 0:15:17]} d5 {[%clk 0:15:18]} 2. c4 {[%clk 0:15:22]} dxc4
{[%clk 0:15:26]} 3. Nf3 {[%clk 0:15:22]} a6 {[%clk 0:15:33]} 4. e3
{[%clk 0:14:48]} Bg4 {[%clk 0:15:41]} 5. Bxc4 {[%clk 0:14:48]} e6
{[%clk 0:15:49]} 6. Nc3 {[%clk 0:14:08]} Nc6 {[%clk 0:15:55]} 7. h3
{[%clk 0:13:44]} Bh5 {[%clk 0:16:03]} 8. Be2 {[%clk 0:12:47]} Nf6
{[%clk 0:16:01]} 9. g4 {[%clk 0:12:09]} Bg6 {[%clk 0:16:09]} 10. Nh4
{[%clk 0:12:05]} Be4 {[%clk 0:14:44]} 11. f3 {[%clk 0:11:49]} Nd5
{[%clk 0:13:30]} 12. Ng2 {[%clk 0:09:21]} Bg6 {[%clk 0:13:36]} 13. e4
{[%clk 0:09:25]} Nb6 {[%clk 0:10:55]} 14. Be3 {[%clk 0:09:32]} Be7
{[%clk 0:10:55]} 15. h4 {[%clk 0:08:38]} h6 {[%clk 0:10:30]} 16. Qd2
{[%clk 0:08:16]} Bh7 {[%clk 0:09:58]} 17. g5 {[%clk 0:07:59]} Qd6
{[%clk 0:09:55]} 18. O-O-O {[%clk 0:06:29]} O-O-O {[%clk 0:09:52]} 19. gxh6
{[%clk 0:06:16]} gxh6 {[%clk 0:09:56]} 20. Nf4 {[%clk 0:06:12]} Na5
{[%clk 0:08:01]} 21. b3 {[%clk 0:06:10]} e5 {[%clk 0:07:10]} 22. Nfd5
{[%clk 0:06:07]} Nxd5 {[%clk 0:06:10]} 23. Nxd5 {[%clk 0:06:13]} Qxd5
{[%clk 0:05:59]} 24. exd5 {[%clk 0:05:47]} Ba3+ {[%clk 0:06:07]} 25. Qb2
{[%clk 0:05:57]} Bxb2+ {[%clk 0:06:15]} 26. Kxb2 {[%clk 0:06:06]} Rxd5
{[%clk 0:06:23]} 27. Bxh6 {[%clk 0:03:04]} exd4 {[%clk 0:06:13]} 28. h5
{[%clk 0:03:09]} Bc2 {[%clk 0:03:05]} 29. Kxc2 {[%clk 0:02:55]} Rxh6
{[%clk 0:03:13]} 30. f4 {[%clk 0:03:04]} Nc6 {[%clk 0:03:17]} 31. Kd2
{[%clk 0:02:45]} Kd8 {[%clk 0:03:17]} 32. Rdg1 {[%clk 0:02:42]} Rf5
{[%clk 0:02:41]} 33. Rh4 {[%clk 0:02:39]} Ke7 {[%clk 0:02:07]} 34. Rg5
{[%clk 0:01:27]} Kf6 {[%clk 0:02:09]} 35. Rxf5+ {[%clk 0:01:24]} Kxf5
{[%clk 0:02:18]} 36. Kd3 {[%clk 0:01:32]} Kf6 {[%clk 0:00:42]} 37. Bf3
{[%clk 0:01:27]} Nd8 {[%clk 0:00:26]} 38. Kxd4 {[%clk 0:01:29]} Ne6+
{[%clk 0:00:32]} 39. Ke3 {[%clk 0:01:38]} c6 {[%clk 0:00:41]} 40. Bg4
{[%clk 0:01:27]} Ng7 {[%clk 0:00:41]} 41. Rh2 {[%clk 0:01:27]} Rh8
{[%clk 0:00:31]} 42. h6 {[%clk 0:01:19]} Ne8 {[%clk 0:00:40]} 43. Kd4
{[%clk 0:01:22]} b6 {[%clk 0:00:31]} 44. Bf3 {[%clk 0:01:14]} c5+
{[%clk 0:00:33]} 45. Kd5 {[%clk 0:01:20]} Kf5 {[%clk 0:00:42]} 46. Rh4
{[%clk 0:01:08]} Nc7+ {[%clk 0:00:13]} 47. Kc6 {[%clk 0:01:17]} Ne6
{[%clk 0:00:21]} 48. Bg4+ {[%clk 0:01:22]} Ke4 {[%clk 0:00:19]} 49. Bxe6
{[%clk 0:01:30]} fxe6 {[%clk 0:00:28]} 50. Kxb6 {[%clk 0:01:38]} 1-0

[Event "Rapid 2018"]
[Site "Saint-Petersburg"]
[Date "2018.12.28"]
[Round "12"]
[Board "31"]
[White "Vishnu Prasanna. V (IND)"]
[Black "Alekseenko Kirill (RUS)"]
[Result "0-1"]
[LiveChessVersion "1.4.8"]
[BlackElo "2635"]
[WhiteElo "2489"]

1. d4 {[%clk 0:15:15]} d5 {[%clk 0:15:18]} 2. c4 {[%clk 0:15:21]} dxc4
{[%clk 0:15:25]} 3. Nf3 {[%clk 0:15:24]} a6 {[%clk 0:15:34]} 4. e3
{[%clk 0:15:21]} Bg4 {[%clk 0:15:40]} 5. Bxc4 {[%clk 0:15:16]} e6
{[%clk 0:15:49]} 6. Nc3 {[%clk 0:15:10]} Nc6 {[%clk 0:15:56]} 7. h3
{[%clk 0:14:16]} Bh5 {[%clk 0:16:04]} 8. O-O {[%clk 0:14:09]} Nf6
{[%clk 0:16:10]} 9. Be2 {[%clk 0:13:35]} Bd6 {[%clk 0:16:15]} 10. b3
{[%clk 0:13:28]} O-O {[%clk 0:16:20]} 11. Bb2 {[%clk 0:13:35]} Qe7
{[%clk 0:16:28]} 12. a3 {[%clk 0:11:46]} Rfd8 {[%clk 0:16:11]} 13. Nd2
{[%clk 0:11:40]} Bg6 {[%clk 0:16:02]} 14. Nc4 {[%clk 0:11:33]} Qe8
{[%clk 0:15:41]} 15. b4 {[%clk 0:09:09]} Ne7 {[%clk 0:15:06]} 16. Qb3
{[%clk 0:09:06]} Ned5 {[%clk 0:14:31]} 17. Rfd1 {[%clk 0:07:46]} h6
{[%clk 0:13:16]} 18. Rac1 {[%clk 0:07:36]} Nxc3 {[%clk 0:11:07]} 19. Qxc3
{[%clk 0:07:35]} Nd5 {[%clk 0:09:07]} 20. Qe1 {[%clk 0:07:27]} f5
{[%clk 0:08:49]} 21. Nxd6 {[%clk 0:05:15]} cxd6 {[%clk 0:08:58]} 22. Bc4
{[%clk 0:05:22]} Rac8 {[%clk 0:07:25]} 23. Bb3 {[%clk 0:04:43]} Kh7
{[%clk 0:06:50]} 24. f3 {[%clk 0:04:20]} Qe7 {[%clk 0:06:42]} 25. Rxc8
{[%clk 0:03:50]} Rxc8 {[%clk 0:06:51]} 26. Rc1 {[%clk 0:03:58]} Rf8
{[%clk 0:06:54]} 27. Rc2 {[%clk 0:03:02]} Be8 {[%clk 0:05:58]} 28. Bc1
{[%clk 0:02:56]} Nf6 {[%clk 0:05:42]} 29. e4 {[%clk 0:02:27]} fxe4
{[%clk 0:05:37]} 30. fxe4 {[%clk 0:02:35]} Bg6 {[%clk 0:05:08]} 31. Re2
{[%clk 0:02:37]} e5 {[%clk 0:05:14]} 32. dxe5 {[%clk 0:01:59]} dxe5
{[%clk 0:05:22]} 33. Bb2 {[%clk 0:01:55]} Nh5 {[%clk 0:04:58]} 34. Qc3
{[%clk 0:02:01]} Nf4 {[%clk 0:04:46]} 35. Rf2 {[%clk 0:01:54]} Qg5
{[%clk 0:04:47]} 36. Kh2 {[%clk 0:01:49]} Re8 {[%clk 0:03:45]} 37. Bd5
{[%clk 0:01:19]} b5 {[%clk 0:03:33]} 38. Bc1 {[%clk 0:00:32]} Rf8
{[%clk 0:03:00]} 39. Qf3 {[%clk 0:00:14]} Bh5 {[%clk 0:02:56]} 40. Bxf4
{[%clk 0:00:15]} exf4 {[%clk 0:02:55]} 41. Qc3 {[%clk 0:00:21]} Re8
{[%clk 0:01:44]} 42. Qd3 {[%clk 0:00:18]} Rc8 {[%clk 0:01:23]} 43. e5+
{[%clk 0:00:14]} Bg6 {[%clk 0:01:32]} 44. Qe2 {[%clk 0:00:14]} Rc2
{[%clk 0:00:45]} 45. Qf3 {[%clk 0:00:13]} Rxf2 {[%clk 0:00:50]} 46. Qxf2
{[%clk 0:00:21]} Qxe5 {[%clk 0:00:59]} 47. Bf3 {[%clk 0:00:30]} Qc3
{[%clk 0:00:55]} 48. Qc5 {[%clk 0:00:38]} Qxa3 {[%clk 0:00:47]} 49. Qf8
{[%clk 0:00:46]} Qd3 {[%clk 0:00:17]} 50. Qxf4 {[%clk 0:00:54]} Qc4
{[%clk 0:00:20]} 51. Qd6 {[%clk 0:01:01]} Be4 {[%clk 0:00:18]} 52. Bg4
{[%clk 0:00:19]} Qc2 {[%clk 0:00:24]} 53. Qg3 {[%clk 0:00:26]} Qb2
{[%clk 0:00:26]} 54. Bc8 {[%clk 0:00:28]} Qxb4 {[%clk 0:00:29]} 55. Bxa6
{[%clk 0:00:30]} Qc5 {[%clk 0:00:29]} 56. Qf4 {[%clk 0:00:25]} Qc2
{[%clk 0:00:35]} 57. Qg4 {[%clk 0:00:17]} b4 {[%clk 0:00:36]} 58. Be2
{[%clk 0:00:26]} Qc7+ {[%clk 0:00:32]} 59. Kg1 {[%clk 0:00:34]} Qc1+
{[%clk 0:00:40]} 60. Kf2 {[%clk 0:00:43]} Qc5+ {[%clk 0:00:46]} 61. Ke1
{[%clk 0:00:51]} Bf5 {[%clk 0:00:47]} 62. Qf3 {[%clk 0:00:55]} Bg6
{[%clk 0:00:42]} 63. Kd2 {[%clk 0:00:51]} Qd4+ {[%clk 0:00:51]} 64. Ke1
{[%clk 0:00:32]} Qa1+ {[%clk 0:00:51]} 65. Kf2 {[%clk 0:00:36]} Qb2
{[%clk 0:00:55]} 66. Kg1 {[%clk 0:00:35]} Qc3 {[%clk 0:00:56]} 67. Qd5
{[%clk 0:00:33]} b3 {[%clk 0:00:50]} 68. Bc4 {[%clk 0:00:36]} Qxc4
{[%clk 0:00:58]} 0-1